Online
Catalog

Se borra si es leído (poesía 1989-1999) / (Record no. 10836)

MARC details
000 -CABECERA
campo de control de longitud fija 00771nam a2200205 a 4500
001 - NÚMERO DE CONTROL
campo de control 000011111
005 - FECHA Y HORA DE LA ÚLTIMA TRANSACCIÓN
campo de control 20240412074223.0
008 - DATOS DE LONGITUD FIJA--INFORMACIÓN GENERAL
campo de control de longitud fija 091014s2000 dr 001 p spa d
040 ## - FUENTE DE LA CATALOGACIÓN
Centro catalogador/agencia de origen DO-SdBNP
Lengua de catalogación spa
Centro/agencia transcriptor BNPHU
082 ## - NÚMERO DE LA CLASIFICACIÓN DECIMAL DEWEY
Número de clasificación RD861.44
Número de documento/Ítem F316b
100 1# - ENTRADA PRINCIPAL--NOMBRE DE PERSONA
Nombre de persona Batista, León Félix,
Fechas asociadas al nombre 1964-
9 (RLIN) 12031
245 10 - MENCIÓN DE TÍTULO
Título Se borra si es leído (poesía 1989-1999) /
Mención de responsabilidad, etc. León Félix Batista.
260 ## - PUBLICACIÓN, DISTRIBUCIÓN, ETC.
Lugar de publicación, distribución, etc. Santo Domingo :
Nombre del editor, distribuidor, etc. Sistema Nacional de Talleres Litararios,
Fecha de publicación, distribución, etc. 2000.
300 ## - DESCRIPCIÓN FÍSICA
Extensión 331 p ;
Dimensiones 29 cm.
490 1# - MENCIÓN DE SERIE
Mención de serie Sistema Nacional de Talleres Literarios ;
Designación de volumen o secuencia 16
Mención de serie Fin de siglo
500 ## - NOTA GENERAL
Nota general Incluye datos biográficos del autor
650 #0 - PUNTO DE ACCESO ADICIONAL DE MATERIA--TÉRMINO DE MATERIA
Término de materia o nombre geográfico como elemento de entrada Poesía dominicana
9 (RLIN) 66
650 #0 - PUNTO DE ACCESO ADICIONAL DE MATERIA--TÉRMINO DE MATERIA
Término de materia o nombre geográfico como elemento de entrada Literatura dominicana.
9 (RLIN) 67
830 #0 - PUNTO DE ACCESO ADICIONAL DE SERIE-TÍTULO UNIFORME
Título uniforme Sistema Nacional de Talleres Literarios ;
Designación de volumen o secuencia 16
Nombre de parte o sección de la obra Fin de siglo
9 (RLIN) 26596
Holdings
Estado de retiro Estado de pérdida No para préstamo Código de colección Localización permanente Ubicación/localización actual Ubicación en estantería Fecha de adquisición Número de inventario Total de préstamos Signatura topográfica completa Código de barras Fecha visto por última vez Precio válido a partir de Tipo de ítem Koha
    Excluido de préstamo Patrimonio Dominicano Patrimonio Dominicano Patrimonio Dominicano En catalogación 14.10.2009 LF1   RD861.44 F316b 11111-10 25.06.2020 25.06.2020 Libro y Folleto Colección Patrimonio Dominicano

Powered by Koha